[Event "II C.to Europeo seniores"]
[Site "Saint Vincent - Chatillon ITA"]
[Date "2002.10.01"]
[Round "4"]
[White "Zichichi, Alvise"]
[Black "Gousseinov, Aguif"]
[Result "1-0"]
[WhiteElo "2312"]
[BlackElo "2130"]
[PlyCount "71"]
[EventDate "2002.09.28"]

1. d4 d5 2. c4 c6 3. Nf3 Nf6 4. e3 e6 5. Nbd2 Nbd7 6. Bd3 Bd6 7. O-O O-O 8. e4
dxe4 9. Nxe4 Nxe4 10. Bxe4 h6 11. Bc2 Qc7 12. b3 Re8 13. Bb2 b6 14. Qd3 Nf8 15.
Rfe1 Bb7 16. Qc3 Be7 17. Ne5 Bf6 18. Ng4 Qd8 19. Rad1 h5 20. Nxf6+ Qxf6 21. Qg3
Rad8 22. Bc3 h4 23. Qe3 Nd7 24. h3 b5 25. c5 Qe7 26. b4 Nf6 27. Bd2 Nd5 28. Qf3
Bc8 29. Qh5 Nf6 30. Qxh4 Rd5 31. Bg5 Red8 32. Re3 e5 33. Bh7+ Kf8 34. Be4 Ke8
35. Bxd5 Rxd5 36. Rde1 1-0

[Event "II C.to Europeo seniores"]
[Site "Saint Vincent - Chatillon ITA"]
[Date "2002.10.02"]
[Round "5"]
[White "Asmundsson, Ingvar"]
[Black "Huguet, Bernard"]
[Result "1-0"]
[WhiteElo "2338"]
[BlackElo "2168"]
[PlyCount "113"]
[EventDate "2002.09.28"]

1. e4 e6 2. d4 d5 3. e5 c5 4. c3 Nc6 5. Nf3 f5 6. dxc5 Bxc5 7. b4 Bb6 8. b5 Na5
9. Nd4 Qc7 10. f4 Ne7 11. Be2 O-O 12. O-O Bd7 13. Kh1 Nc4 14. Na3 Nxa3 15. Bxa3
Bc5 16. Qb3 Rac8 17. Rac1 Bxa3 18. Qxa3 Qc5 19. Qb2 Qb6 20. a4 Rc7 21. h3 g6
22. Nb3 a5 23. bxa6 bxa6 24. a5 Qb7 25. Qa3 Bc8 26. Nd4 Nc6 27. Rb1 Qa7 28. Rb6
Nxd4 29. cxd4 Rd8 30. Rfb1 Kf7 31. Qg3 Kg7 32. h4 Rc2 33. Bd3 Rc3 34. Qe3 Qe7
35. Qd2 Qa3 36. Bxa6 Qxa5 37. R6b4 Rc7 38. Be2 Bd7 39. Qb2 Ra8 40. Rb8 Rxb8 41.
Qxb8 Qc3 42. Qd8 Bc8 43. Kh2 Rf7 44. Rb8 Rf8 45. Qe7+ Rf7 46. Qb4 Qe3 47. Rxc8
Qxe2 48. Qc3 Qf2 49. Qg3 Qxg3+ 50. Kxg3 Rb7 51. h5 gxh5 52. Kh4 Rb2 53. Rc7+
Kf8 54. g3 Rg2 55. Rxh7 Ke8 56. Kg5 Rxg3+ 57. Kf6 1-0

[Event "II C.to Europeo seniores"]
[Site "Saint Vincent - Chatillon ITA"]
[Date "2002.10.02"]
[Round "5"]
[White "Bondar, Anatoly T."]
[Black "Gerenski, Hristo"]
[Result "0-1"]
[WhiteElo "2206"]
[BlackElo "2264"]
[PlyCount "68"]
[EventDate "2002.09.28"]

1. e4 c5 2. Nc3 d6 3. g3 Nc6 4. Bg2 g6 5. f4 Bg7 6. Nf3 Rb8 7. O-O b5 8. d3 b4
9. Ne2 Nf6 10. h3 O-O 11. g4 a5 12. Ng3 Ne8 13. Rb1 Ba6 14. h4 a4 15. h5 e6 16.
hxg6 fxg6 17. Ng5 Bc8 18. e5 Nd4 19. exd6 Nxd6 20. Be3 Bd7 21. N5e4 Nxe4 22.
Nxe4 e5 23. Nxc5 exf4 24. Rxf4 Qe7 25. Ne4 Ne6 26. Rxf8+ Rxf8 27. Qd2 Qh4 28.
g5 Be5 29. Nf6+ Kg7 30. Bf3 Nd4 31. Be4 Qg3+ 32. Kh1 Nf3 33. Bxf3 Qxf3+ 34. Kg1
Bc6 0-1

[Event "II C.to Europeo seniores"]
[Site "Saint Vincent - Chatillon ITA"]
[Date "2002.10.02"]
[Round "5"]
[White "Bukal, Vladimir sr"]
[Black "Kaminik, Aleksandar"]
[Result "1-0"]
[WhiteElo "2425"]
[BlackElo "2212"]
[PlyCount "127"]
[EventDate "2002.09.28"]

1. c4 e5 2. Nc3 Nc6 3. g3 g6 4. Bg2 Bg7 5. e3 Nge7 6. Nge2 O-O 7. O-O a6 8. d4
exd4 9. Nxd4 Nxd4 10. exd4 Nf5 11. d5 d6 12. Ne4 h6 13. Rb1 Ne7 14. b4 Bf5 15.
Bb2 Bxb2 16. Rxb2 Bxe4 17. Bxe4 f5 18. Bg2 f4 19. Re1 Nf5 20. Re6 fxg3 21. hxg3
Qg5 22. Rbe2 Ng7 23. Re7 Rf7 24. R7e4 Raf8 25. Qe1 h5 26. Bh3 Nf5 27. Kg2 Kh7
28. c5 Ng7 29. Qd2 Qxd2 30. Rxd2 Nf5 31. Re6 Rd8 32. Kg1 Kg7 33. a4 Ne7 34. Bg2
Nf5 35. a5 Re7 36. Be4 Rf7 37. Kg2 Rf6 38. Rd3 dxc5 39. Rxf6 Kxf6 40. bxc5 Ke5
41. f3 Ne7 42. Rb3 Nxd5 43. Rxb7 g5 44. Ra7 g4 45. Rxa6 Ne3+ 46. Kf2 Nd1+ 47.
Ke1 Nc3 48. Ra8 Rd1+ 49. Kf2 Ra1 50. a6 Kd4 51. Rd8+ Kxc5 52. Bb7 Kb6 53. f4
Ra3 54. Rd3 c6 55. f5 Ra2+ 56. Ke3 Nd5+ 57. Kd4 Nb4 58. Rb3 c5+ 59. Ke5 h4 60.
gxh4 Rh2 61. f6 Re2+ 62. Kf5 Rf2+ 63. Kg6 Kc7 64. f7 1-0

[Event "II C.to Europeo seniores"]
[Site "Saint Vincent - Chatillon ITA"]
[Date "2002.10.02"]
[Round "5"]
[White "Csom, Istvan"]
[Black "Chernikov, Oleg L."]
[Result "1/2-1/2"]
[WhiteElo "2448"]
[BlackElo "2464"]
[PlyCount "48"]
[EventDate "2002.09.28"]

1. Nf3 Nf6 2. c4 e6 3. g3 d5 4. Bg2 dxc4 5. Qa4+ c6 6. Qxc4 b5 7. Qc2 Bb7 8. b3
c5 9. Bb2 Nbd7 10. O-O Rc8 11. d3 Be7 12. Nbd2 O-O 13. Rac1 Nd5 14. a3 N5b6 15.
Qb1 Bf6 16. Rc2 Re8 17. Rfc1 Be7 18. Qa1 Bf8 19. d4 c4 20. bxc4 bxc4 21. Bc3
Nd5 22. Bb2 N5b6 23. Bc3 Nd5 24. Bb2 N5b6 1/2-1/2

[Event "II C.to Europeo seniores"]
[Site "Saint Vincent - Chatillon ITA"]
[Date "2002.10.02"]
[Round "5"]
[White "Gruzmann, Boris"]
[Black "Litvinov, Vladimir"]
[Result "1-0"]
[WhiteElo "2263"]
[BlackElo "2390"]
[PlyCount "69"]
[EventDate "2002.09.28"]

1. e4 c5 2. Nf3 d6 3. d4 cxd4 4. Nxd4 Nf6 5. Nc3 a6 6. f4 e6 7. Bd3 Nc6 8. Nf3
b5 9. O-O Bb7 10. Qe1 b4 11. e5 Nd7 12. Nd1 dxe5 13. fxe5 Ndxe5 14. Nxe5 Qd4+
15. Be3 Qxe5 16. Qf2 f6 17. Qh4 Bc5 18. Bg6+ Ke7 19. Be4 Rad8 20. Bxc5+ Qxc5+
21. Kh1 Rd7 22. Nf2 Nd8 23. Rae1 Qg5 24. Qh3 Bd5 25. a3 a5 26. axb4 axb4 27.
Bxd5 Qxd5 28. Qg4 Kf7 29. Qxb4 Nc6 30. Qh4 Nd4 31. c4 Qxc4 32. Ne4 Kg8 33. Rc1
Qd5 34. Nxf6+ gxf6 35. Qxf6 1-0

[Event "II C.to Europeo seniores"]
[Site "Saint Vincent - Chatillon ITA"]
[Date "2002.10.02"]
[Round "5"]
[White "Klundt, Klaus"]
[Black "Kahn, Manfred"]
[Result "1-0"]
[WhiteElo "2385"]
[BlackElo "2181"]
[PlyCount "91"]
[EventDate "2002.09.28"]

1. e4 e6 2. d4 d5 3. Nd2 Nf6 4. e5 Nfd7 5. f4 c5 6. c3 Nc6 7. Ndf3 Qb6 8. g3
cxd4 9. cxd4 Be7 10. Bh3 f6 11. Kf1 Nb4 12. Ne2 Qa6 13. Bd2 Nb6 14. b3 Bd7 15.
a3 Nd3 16. Bc3 Rc8 17. Qd2 fxe5 18. fxe5 O-O 19. Kg2 Rxf3 20. Kxf3 Rf8+ 21. Nf4
Nxf4 22. gxf4 Bg5 23. Bf1 Bb5 24. Kg2 Rxf4 25. Qd1 Bxf1+ 26. Rxf1 Re4 27. Re1
Rxe1 28. Bxe1 Nd7 29. Qh5 h6 30. Qf3 Qc6 31. h4 Bd8 32. Kh3 Qc2 33. Bg3 Bb6 34.
Rf1 Kh7 35. Qg4 Qg6 36. Qxg6+ Kxg6 37. h5+ Kh7 38. Rf7 Nb8 39. Re7 Nc6 40. Rxe6
Nxd4 41. Rd6 Nxb3 42. Rxd5 Nc5 43. Bf2 Ne6 44. Kg3 Bxf2+ 45. Kxf2 Nf4 46. Rd8
1-0

[Event "II C.to Europeo seniores"]
[Site "Saint Vincent - Chatillon ITA"]
[Date "2002.10.02"]
[Round "5"]
[White "Knebel, Willi"]
[Black "Kristiansen, Erling"]
[Result "0-1"]
[WhiteElo "2098"]
[BlackElo "2257"]
[PlyCount "160"]
[EventDate "2002.09.28"]

1. e4 e5 2. Nf3 Nc6 3. c3 Nf6 4. d4 Nxe4 5. d5 Nb8 6. Nxe5 Nf6 7. Bc4 d6 8. Nf3
Be7 9. O-O Bg4 10. Re1 O-O 11. Bb3 Nbd7 12. c4 Ne5 13. Nbd2 Nfd7 14. h3 Bh5 15.
g4 Nxf3+ 16. Nxf3 Bg6 17. Bf4 Bf6 18. Nd4 Nc5 19. Be3 Re8 20. Qd2 h5 21. Bd1
hxg4 22. hxg4 Ne4 23. Qe2 Ng5 24. Qf1 Qd7 25. a4 Re4 26. Bxg5 Rxe1 27. Qxe1
Bxg5 28. Bf3 Re8 29. Qd1 Be4 30. Be2 Bf6 31. Kf1 c5 32. dxc6 bxc6 33. Ra3 c5
34. Nb5 Bxb2 35. Rb3 Be5 36. Rh3 Rb8 37. Rh5 Qd8 38. Bd3 g6 39. Rh3 Bc6 40. Qd2
Qf6 41. Qh6 a6 42. Nc7 Rb2 43. Qh7+ Kf8 44. Qh4 Qxh4 45. Rxh4 Bxa4 46. Nxa6 Rb7
47. Be4 Ra7 48. Nb8 Bb3 49. Bd5 Kg7 50. g5 f6 51. gxf6+ Bxf6 52. Re4 Bc2 53.
Re6 Bd3+ 54. Kg2 Ra4 55. Rxd6 Bxc4 56. Nd7 Bd4 57. Bxc4 Rxc4 58. Rc6 Rc2 59.
Kh3 c4 60. Nb6 Bxb6 61. Rxb6 Rxf2 62. Rc6 Rf4 63. Kg3 Rd4 64. Kf3 Kh6 65. Rc5
g5 66. Kg3 Kh5 67. Rc8 Rd3+ 68. Kh2 c3 69. Kg2 Kh4 70. Kf2 Rh3 71. Kg2 Rd3 72.
Kf2 Rd2+ 73. Ke1 Rc2 74. Kd1 Rf2 75. Ke1 Rf3 76. Ke2 g4 77. Rc4 Kh3 78. Rc8 Kg2
79. Ke1 Re3+ 80. Kd1 g3 0-1

[Event "II C.to Europeo seniores"]
[Site "Saint Vincent - Chatillon ITA"]
[Date "2002.10.02"]
[Round "5"]
[White "Kock, Hans-Uwe"]
[Black "Boey, Josef Martin"]
[Result "1/2-1/2"]
[WhiteElo "2207"]
[BlackElo "2268"]
[PlyCount "79"]
[EventDate "2002.09.28"]

1. d4 d5 2. Nf3 Bg4 3. Nbd2 Nc6 4. c3 e6 5. g3 Bd6 6. Bg2 Nf6 7. O-O O-O 8. Re1
e5 9. dxe5 Nxe5 10. Nxe5 Bxe5 11. Nf3 Bd6 12. Bg5 Be6 13. e4 dxe4 14. Nd4 h6
15. Bxf6 Qxf6 16. Bxe4 Bc5 17. Qc2 c6 18. Nxe6 fxe6 19. Re2 g5 20. Rf1 Rae8 21.
Qb3 Re7 22. Qc4 Bb6 23. Bc2 Kh8 24. Qe4 e5 25. Qg6 Qxg6 26. Bxg6 Kg7 27. Bd3 h5
28. Kg2 g4 29. f4 Rd7 30. Bc2 Rfd8 31. fxe5 Rd2 32. Rfe1 Kf7 33. e6+ Ke7 34.
Bg6 Rxe2+ 35. Rxe2 Rd1 36. h3 gxh3+ 37. Kxh3 Rh1+ 38. Kg2 Rg1+ 39. Kh2 h4 40.
Rg2 1/2-1/2

[Event "II C.to Europeo seniores"]
[Site "Saint Vincent - Chatillon ITA"]
[Date "2002.10.02"]
[Round "5"]
[White "Ljubarskij, Juri"]
[Black "Klovans, Janis"]
[Result "0-1"]
[WhiteElo "2329"]
[BlackElo "2425"]
[PlyCount "100"]
[EventDate "2002.09.28"]

1. e4 c5 2. Nc3 Nc6 3. f4 g6 4. Nf3 Bg7 5. Bb5 Nd4 6. a4 a6 7. Bc4 e6 8. O-O
Ne7 9. e5 d5 10. exd6 Qxd6 11. d3 O-O 12. Ne4 Qc7 13. c3 Nxf3+ 14. Qxf3 b6 15.
Qh3 Nf5 16. Ng5 h6 17. Nf3 Nd6 18. Ne5 Nxc4 19. dxc4 Bb7 20. Be3 Rad8 21. Rad1
Rxd1 22. Rxd1 Rd8 23. Qg4 g5 24. Rxd8+ Qxd8 25. Qe2 a5 26. Qd2 Qc7 27. Nd3 f6
28. Ne1 Bf8 29. b3 Bd6 30. Nd3 Qc6 31. Ne1 Kf7 32. Kf2 Ke7 33. h3 Qe4 34. fxg5
hxg5 35. Qc2 Bg3+ 36. Kxg3 Qxe3+ 37. Nf3 Bxf3 38. gxf3 Qg1+ 39. Qg2 Qxg2+ 40.
Kxg2 Kf7 41. h4 gxh4 42. Kh3 Kg6 43. Kxh4 Kf5 44. Kg3 e5 45. Kf2 Kf4 46. b4 f5
47. Ke2 e4 48. fxe4 Kxe4 49. bxa5 bxa5 50. Kf2 Kd3 0-1

[Event "II C.to Europeo seniores"]
[Site "Saint Vincent - Chatillon ITA"]
[Date "2002.10.02"]
[Round "5"]
[White "MacDonald-Ross, Michael"]
[Black "Zichichi, Alvise"]
[Result "1/2-1/2"]
[WhiteElo "2169"]
[BlackElo "2312"]
[PlyCount "66"]
[EventDate "2002.09.28"]

1. d4 d5 2. Nf3 Nf6 3. e3 g6 4. c4 c6 5. Nc3 Bg7 6. Qb3 O-O 7. Be2 e6 8. O-O
Nbd7 9. Rd1 b6 10. Bd2 Bb7 11. Be1 Re8 12. a4 Rb8 13. Qc2 Qe7 14. a5 Rec8 15.
axb6 axb6 16. Ra7 Ne8 17. e4 dxc4 18. Bxc4 Nd6 19. Bf1 Ra8 20. Rda1 Rxa7 21.
Rxa7 Rb8 22. Bd2 Nc8 23. Ra1 Ra8 24. Rxa8 Bxa8 25. Qa4 Bb7 26. Ba6 Nb8 27. Bg5
Qd7 28. Bxb7 Qxb7 29. h3 h6 30. Be3 Qa6 31. Qxa6 Nxa6 32. Kf1 Nb4 33. Ke2 Kf8
1/2-1/2

[Event "II C.to Europeo seniores"]
[Site "Saint Vincent - Chatillon ITA"]
[Date "2002.10.02"]
[Round "5"]
[White "Murey, Jacob I."]
[Black "Rotstein, Jefim"]
[Result "1/2-1/2"]
[WhiteElo "2496"]
[BlackElo "2376"]
[PlyCount "56"]
[EventDate "2002.09.28"]

1. d4 Nf6 2. c4 c5 3. d5 e5 4. Nc3 d6 5. e4 g6 6. g3 a6 7. Bg2 Bg7 8. Nge2 O-O
9. O-O Ne8 10. Qb3 Nd7 11. f4 Rb8 12. f5 Bf6 13. Be3 Bg5 14. Bf2 h5 15. Kh1
Ndf6 16. Bg1 Kg7 17. h3 Bd7 18. a4 h4 19. g4 b6 20. Qc2 Nc7 21. Rfb1 a5 22. Nb5
Bxb5 23. axb5 Ra8 24. Bf2 Nd7 25. Qc3 Ne8 26. Rf1 Nef6 27. Qe1 Rh8 28. Ng1 Bf4
1/2-1/2

[Event "II C.to Europeo seniores"]
[Site "Saint Vincent - Chatillon ITA"]
[Date "2002.10.02"]
[Round "5"]
[White "Neese, Hans-Joachim"]
[Black "Ljubisavljevic, Zivojin Z."]
[Result "1/2-1/2"]
[WhiteElo "2218"]
[BlackElo "2275"]
[PlyCount "111"]
[EventDate "2002.09.28"]

1. d4 Nf6 2. c4 e6 3. Nf3 c5 4. Nc3 cxd4 5. Nxd4 d5 6. Bg5 dxc4 7. e3 a6 8.
Bxc4 b5 9. Bb3 Bb7 10. O-O Nbd7 11. Rc1 Nc5 12. Bc2 Be7 13. Qe2 Qb6 14. f3 h6
15. Bh4 Nd5 16. Nxd5 Bxd5 17. Bxe7 Kxe7 18. b4 Na4 19. Bb3 Rhd8 20. Rc2 Kf8 21.
Rfc1 Qd6 22. Bxa4 bxa4 23. Rc5 e5 24. Nf5 Qb8 25. a3 Be6 26. Ng3 Qd6 27. Qb2 f6
28. Ne4 Qd3 29. R5c3 Qd5 30. Nc5 a5 31. Nxa4 axb4 32. Qxb4+ Qd6 33. Qxd6+ Rxd6
34. Nc5 Kf7 35. Ne4 Rd7 36. Ra1 f5 37. Nf2 Rd2 38. Nd3 Kf6 39. a4 Bd5 40. Nb4
Rb8 41. Nxd5+ Rxd5 42. Rc2 Ra5 43. Rc6+ Kg5 44. Rc4 Rb2 45. h4+ Kh5 46. Ra3 Rd5
47. Ra1 Rdd2 48. g4+ fxg4 49. Rxg4 g6 50. a5 Ra2 51. Rxa2 Rxa2 52. Re4 Rxa5 53.
Kg2 g5 54. Kg3 Rc5 55. hxg5 hxg5 56. Kh3 1/2-1/2

[Event "II C.to Europeo seniores"]
[Site "Saint Vincent - Chatillon ITA"]
[Date "2002.10.02"]
[Round "5"]
[White "Reer, Erdmann"]
[Black "Krueger, Erich"]
[Result "1/2-1/2"]
[WhiteElo "2139"]
[BlackElo "2223"]
[PlyCount "71"]
[EventDate "2002.09.28"]

1. e4 c6 2. d4 d5 3. exd5 cxd5 4. c4 Nf6 5. Nc3 e6 6. Nf3 Be7 7. Be2 O-O 8. O-O
Nc6 9. Be3 dxc4 10. Bxc4 Nd5 11. Nxd5 exd5 12. Be2 Bf6 13. Qd2 Bg4 14. Rfd1 Rc8
15. Rac1 Re8 16. h3 Bh5 17. b3 Be7 18. Qb2 Qa5 19. a4 Qb4 20. g4 Bg6 21. Ne5
Na5 22. Nxg6 hxg6 23. Rxc8 Rxc8 24. Rb1 Nc6 25. Bf3 Rd8 26. Rd1 Na5 27. Rd3 Nc4
28. Qc3 Nxe3 29. Qxb4 Bxb4 30. fxe3 f5 31. Kg2 Kf7 32. Rd1 Ke6 33. Rc1 Kd6 34.
Kf2 Re8 35. Rc2 a5 36. Bg2 1/2-1/2

[Event "II C.to Europeo seniores"]
[Site "Saint Vincent - Chatillon ITA"]
[Date "2002.10.03"]
[Round "6"]
[White "Asmundsson, Ingvar"]
[Black "Murey, Jacob I."]
[Result "0-1"]
[WhiteElo "2338"]
[BlackElo "2496"]
[PlyCount "56"]
[EventDate "2002.09.28"]

1. e4 c5 2. Nf3 Nf6 3. e5 Nd5 4. Nc3 Nxc3 5. dxc3 Nc6 6. Bf4 h6 7. Qd2 e6 8. h4
Qc7 9. Rd1 b6 10. Qe3 Bb7 11. Nd2 Ne7 12. Ne4 Nf5 13. Qe2 Qc6 14. Nd6+ Bxd6 15.
exd6 h5 16. f3 O-O-O 17. Qd2 e5 18. Bh2 e4 19. Qf4 exf3 20. Bd3 Ne3 21. Qxe3
fxg2 22. Rg1 Rde8 23. Be5 f6 24. Kd2 Rxe5 25. Qg3 Qf3 26. Qxf3 Bxf3 27. Rde1
Rhe8 28. Rxe5 Rxe5 0-1

[Event "II C.to Europeo seniores"]
[Site "Saint Vincent - Chatillon ITA"]
[Date "2002.10.03"]
[Round "6"]
[White "Bukal, Vladimir sr"]
[Black "MacDonald-Ross, Michael"]
[Result "1-0"]
[WhiteElo "2425"]
[BlackElo "2169"]
[PlyCount "49"]
[EventDate "2002.09.28"]

1. c4 e6 2. g3 Nf6 3. Bg2 d5 4. Nf3 Be7 5. O-O O-O 6. d4 Nbd7 7. b3 b6 8. Qc2
Bb7 9. Nc3 c5 10. Rd1 Rc8 11. dxc5 dxc4 12. b4 a5 13. bxa5 bxc5 14. Ne5 Bxg2
15. Kxg2 Qc7 16. Nxc4 Rb8 17. a4 Qc6+ 18. f3 Nd5 19. Nb5 Bf6 20. Rb1 Ne5 21.
Nxe5 Bxe5 22. e4 Nc7 23. f4 Bf6 24. Rd6 Qb7 25. Rb6 1-0

[Event "II C.to Europeo seniores"]
[Site "Saint Vincent - Chatillon ITA"]
[Date "2002.10.03"]
[Round "6"]
[White "Karl, Hans"]
[Black "Kock, Hans-Uwe"]
[Result "1/2-1/2"]
[WhiteElo "2282"]
[BlackElo "2207"]
[PlyCount "30"]
[EventDate "2002.09.28"]

1. e4 c6 2. d3 e5 3. Nc3 d6 4. f4 Nf6 5. Nf3 Bg4 6. h3 Bxf3 7. Qxf3 Nbd7 8. Be2
Be7 9. O-O Qc7 10. Be3 O-O 11. a4 b6 12. d4 exd4 13. Bxd4 Rad8 14. Rad1 Nc5 15.
e5 dxe5 1/2-1/2

[Event "II C.to Europeo seniores"]
[Site "Saint Vincent - Chatillon ITA"]
[Date "2002.10.03"]
[Round "6"]
[White "Klovans, Janis"]
[Black "Gruzmann, Boris"]
[Result "1-0"]
[WhiteElo "2425"]
[BlackElo "2263"]
[PlyCount "71"]
[EventDate "2002.09.28"]

1. e4 c5 2. Nf3 d6 3. d4 cxd4 4. Nxd4 Nf6 5. Nc3 a6 6. Be3 Ng4 7. Bc1 Nc6 8. h3
Nf6 9. Be3 e6 10. Qd2 Be7 11. O-O-O O-O 12. f4 Qc7 13. g4 Rd8 14. g5 Nd7 15. h4
b5 16. h5 Nxd4 17. Qxd4 Bf8 18. g6 Nf6 19. Bh3 Nxh5 20. Bxe6 Bxe6 21. gxh7+ Kh8
22. f5 Ng3 23. fxe6 fxe6 24. Rh2 d5 25. exd5 Nf5 26. Bf4 Bd6 27. Bxd6 Qxd6 28.
Qf2 Ne3 29. Rg1 exd5 30. Rh4 Nc4 31. Qd4 Qe5 32. Ne2 Qxd4 33. Nxd4 Rac8 34. Ne6
Rd7 35. Nf4 Ne5 36. Rg5 1-0

[Event "II C.to Europeo seniores"]
[Site "Saint Vincent - Chatillon ITA"]
[Date "2002.10.03"]
[Round "6"]
[White "Kristiansen, Erling"]
[Black "Ljubarskij, Juri"]
[Result "0-1"]
[WhiteElo "2257"]
[BlackElo "2329"]
[PlyCount "34"]
[EventDate "2002.09.28"]

1. e4 e5 2. Nf3 Nc6 3. Bb5 a6 4. Ba4 Nf6 5. O-O Be7 6. Re1 b5 7. Bb3 O-O 8. d4
Nxd4 9. Bxf7+ Rxf7 10. Nxe5 Rf8 11. Qxd4 Bb7 12. c4 Bd6 13. Nf3 Qe7 14. Bg5 Bc5
15. Qd3 Qe6 16. cxb5 Nxe4 17. Bh4 Nxf2 0-1

[Event "II C.to Europeo seniores"]
[Site "Saint Vincent - Chatillon ITA"]
[Date "2002.10.03"]
[Round "6"]
[White "Krueger, Erich"]
[Black "Kraidman, Yair"]
[Result "0-1"]
[WhiteElo "2223"]
[BlackElo "2324"]
[PlyCount "60"]
[EventDate "2002.09.28"]

1. d4 Nf6 2. c4 c5 3. d5 g6 4. Nc3 d6 5. e4 Bg7 6. Be2 O-O 7. Bg5 e6 8. Qd2
exd5 9. exd5 a6 10. Nf3 Bg4 11. O-O Nbd7 12. Qf4 Qb6 13. Rac1 Rfe8 14. h3 Bxf3
15. Bxf3 Re5 16. Qd2 Rae8 17. Bd1 Ne4 18. Nxe4 Rxe4 19. Ba4 Qc7 20. Rce1 h6 21.
Rxe4 Rxe4 22. Bxh6 Rxc4 23. Bxg7 Kxg7 24. Bc2 Rd4 25. Qg5 Nf6 26. Rd1 Rxd1+ 27.
Bxd1 Qa5 28. Bf3 Qxa2 29. h4 Qxb2 30. h5 Qa1+ 0-1

[Event "II C.to Europeo seniores"]
[Site "Saint Vincent - Chatillon ITA"]
[Date "2002.10.03"]
[Round "6"]
[White "Litvinov, Vladimir"]
[Black "Erenska-Barlo, Hanna"]
[Result "1/2-1/2"]
[WhiteElo "2390"]
[BlackElo "2249"]
[PlyCount "140"]
[EventDate "2002.09.28"]

1. d4 Nf6 2. c4 e6 3. Nf3 Bb4+ 4. Bd2 Be7 5. Nc3 d5 6. e3 b6 7. Bd3 Bb7 8. cxd5
Nxd5 9. O-O Nd7 10. Rc1 h6 11. Nxd5 Bxd5 12. e4 Bb7 13. Qc2 c5 14. dxc5 Nxc5
15. Bb5+ Kf8 16. Rfe1 a6 17. Bf1 Rc8 18. Bc3 Qe8 19. Qb1 b5 20. h3 Na4 21. Bd4
Bc5 22. b3 Bxd4 23. bxa4 Bb6 24. axb5 a5 25. Ne5 Bd4 26. Nc4 Qd8 27. Qd3 e5 28.
Qa3+ Kg8 29. Qxa5 Qf6 30. Qd2 Kh7 31. Bd3 Ra8 32. Qc2 Bc8 33. Ne3 Ra3 34. Nf5
Bxf5 35. exf5 Qg5 36. Qe2 Rd8 37. Rcd1 Kh8 38. Kh1 Qf4 39. Rf1 Bb6 40. Be4 Bd4
41. Rd3 Rxd3 42. Bxd3 Bb6 43. g3 Qb4 44. Kg2 Kg8 45. Bc4 Rd4 46. Bb3 e4 47. Rd1
Rxd1 48. Bxd1 Qc5 49. Bc2 e3 50. fxe3 Qd5+ 51. e4 Qxa2 52. e5 Qd5+ 53. Qe4 Qc5
54. Kf3 h5 55. Qe2 Qc3+ 56. Bd3 Kf8 57. Qe4 Qc5 58. Qe2 Qd5+ 59. Qe4 Qc5 60.
Qa8+ Ke7 61. Qb7+ Kd8 62. Qb8+ Ke7 63. Qd6+ Qxd6 64. exd6+ Kxd6 65. h4 Ke5 66.
g4 hxg4+ 67. Kxg4 Be3 68. Bc4 f6 69. Bd3 Kd6 70. Kh5 Bh6 1/2-1/2

[Event "II C.to Europeo seniores"]
[Site "Saint Vincent - Chatillon ITA"]
[Date "2002.10.03"]
[Round "6"]
[White "Ljubisavljevic, Zivojin Z."]
[Black "Reer, Erdmann"]
[Result "1-0"]
[WhiteElo "2275"]
[BlackElo "2139"]
[PlyCount "81"]
[EventDate "2002.09.28"]

1. d4 d5 2. c3 Nf6 3. Bg5 Ne4 4. Bh4 g5 5. Bg3 Nxg3 6. hxg3 Bg7 7. e3 Bf5 8. g4
Bg6 9. f4 gxf4 10. exf4 e6 11. Bd3 Qf6 12. Ne2 h6 13. Qc2 Bxd3 14. Qxd3 Nd7 15.
Nd2 O-O-O 16. Nf3 Kb8 17. O-O-O c5 18. Kb1 cxd4 19. cxd4 Qe7 20. Ng3 Rc8 21.
Rc1 Rxc1+ 22. Rxc1 Rc8 23. Rxc8+ Kxc8 24. Qh7 Qf8 25. Nh5 Bf6 26. g5 hxg5 27.
fxg5 Bd8 28. g6 fxg6 29. Qxg6 Qd6 30. g4 Nf8 31. Qd3 Qe7 32. Ne5 Bb6 33. Nf3
Nh7 34. Qg6 Nf8 35. Qg8 Kd7 36. g5 Nh7 37. a3 Bd8 38. Ne5+ Kc7 39. g6 Nf6 40.
Nxf6 Qxf6 41. Qh7+ 1-0

[Event "II C.to Europeo seniores"]
[Site "Saint Vincent - Chatillon ITA"]
[Date "2002.10.03"]
[Round "6"]
[White "Rosen, Willy"]
[Black "Neese, Hans-Joachim"]
[Result "0-1"]
[WhiteElo "2338"]
[BlackElo "2218"]
[PlyCount "58"]
[EventDate "2002.09.28"]

1. e4 c5 2. Nf3 d6 3. d4 cxd4 4. Nxd4 Nf6 5. Nc3 a6 6. Be3 e6 7. Qd2 b5 8. f3
Nbd7 9. g4 Nb6 10. O-O-O Bb7 11. Qg2 Rc8 12. g5 Nfd7 13. g6 hxg6 14. Nxe6 Qe7
15. Nxf8 Kxf8 16. Qg3 Rc6 17. Bh3 Ne5 18. Bg5 Qc7 19. f4 Nec4 20. e5 Nxb2 21.
Kxb2 Rxc3 22. exd6 Rxc2+ 23. Kb1 Qc4 24. Qb3 Rxh3 25. Qxc4 Rxc4 26. d7 Nxd7 27.
Rxd7 Be4+ 28. Ka1 f6 29. Rhd1 fxg5 0-1

[Event "II C.to Europeo seniores"]
[Site "Saint Vincent - Chatillon ITA"]
[Date "2002.10.03"]
[Round "6"]
[White "Rotstein, Jefim"]
[Black "Csom, Istvan"]
[Result "1-0"]
[WhiteElo "2376"]
[BlackElo "2448"]
[PlyCount "123"]
[EventDate "2002.09.28"]

1. f4 g6 2. Nf3 Bg7 3. d3 d5 4. e3 c6 5. Be2 Nd7 6. O-O Ngf6 7. Qe1 Qb6 8. Nc3
Ng4 9. Nd1 Nh6 10. Kh1 Nf6 11. Nf2 Nf5 12. Bd1 d4 13. exd4 Nxd4 14. c3 Nxf3 15.
Bxf3 O-O 16. d4 Be6 17. b3 a5 18. Nd3 Rfe8 19. Be3 Qc7 20. Ne5 Qc8 21. c4 a4
22. Qe2 Rd8 23. b4 Nd7 24. Rad1 Qb8 25. d5 Nxe5 26. fxe5 cxd5 27. cxd5 Bd7 28.
e6 fxe6 29. Bb6 Re8 30. dxe6 Bc6 31. Bxc6 bxc6 32. Bc5 Qb5 33. Qxb5 cxb5 34.
Rd7 Bf6 35. g4 Kg7 36. Bxe7 Bxe7 37. Rf7+ Kh6 38. Rfxe7 Kg5 39. h3 Rxe7 40.
Rxe7 Kf6 41. Rxh7 Kxe6 42. Rb7 Rd8 43. Kg2 Rd3 44. Rxb5 Ra3 45. Rb6+ Kf7 46. h4
Kg7 47. Ra6 Rxa2+ 48. Kg3 a3 49. Kf4 Rd2 50. Ra7+ Kf6 51. g5+ Ke6 52. Ra6+ Kf7
53. Rxa3 Rd4+ 54. Ke5 Rxb4 55. Ra7+ Kg8 56. Rd7 Rxh4 57. Kf6 Ra4 58. Re7 Ra6+
59. Re6 Ra7 60. Re8+ Kh7 61. Re7+ Rxe7 62. Kxe7 1-0

[Event "II C.to Europeo seniores"]
[Site "Saint Vincent - Chatillon ITA"]
[Date "2002.10.04"]
[Round "7"]
[White "Chernikov, Oleg L."]
[Black "Rotstein, Jefim"]
[Result "1/2-1/2"]
[WhiteElo "2464"]
[BlackElo "2376"]
[PlyCount "21"]
[EventDate "2002.09.28"]

1. Nf3 c5 2. c4 Nf6 3. d4 e6 4. Nc3 cxd4 5. Nxd4 a6 6. g3 Qc7 7. Qd3 Nc6 8.
Nxc6 dxc6 9. Bg2 Be7 10. O-O O-O 11. b3 1/2-1/2

[Event "II C.to Europeo seniores"]
[Site "Saint Vincent - Chatillon ITA"]
[Date "2002.10.04"]
[Round "7"]
[White "Erenska-Barlo, Hanna"]
[Black "Huguet, Bernard"]
[Result "1/2-1/2"]
[WhiteElo "2249"]
[BlackElo "2168"]
[PlyCount "58"]
[EventDate "2002.09.28"]

1. e4 c5 2. Nc3 Nc6 3. f4 d6 4. Bb5 Bd7 5. d3 g6 6. Nf3 Bg7 7. Bxc6 Bxc6 8. O-O
Nf6 9. Qe1 Nd7 10. Qg3 O-O 11. f5 Ne5 12. Bf4 Nxf3+ 13. gxf3 Kh8 14. fxg6 fxg6
15. Kf2 e5 16. Bg5 Bf6 17. h4 h5 18. Ke2 Bxg5 19. hxg5 Qe7 20. Kd2 Rf7 21. Rf2
Raf8 22. Raf1 Kg7 23. a4 b6 24. b3 a5 25. Nd1 Bd7 26. Ne3 Be6 27. Ke1 Qd7 28.
Ke2 Qc8 29. Rh1 Qd7 1/2-1/2

[Event "II C.to Europeo seniores"]
[Site "Saint Vincent - Chatillon ITA"]
[Date "2002.10.04"]
[Round "7"]
[White "Klundt, Klaus"]
[Black "Kleiner, Bronislav"]
[Result "1/2-1/2"]
[WhiteElo "2385"]
[BlackElo "2271"]
[PlyCount "52"]
[EventDate "2002.09.28"]

1. e4 c6 2. d4 d5 3. exd5 cxd5 4. c4 Nf6 5. Nc3 e6 6. Nf3 Bb4 7. Qc2 O-O 8. Bg5
Nc6 9. Rd1 h6 10. Bh4 dxc4 11. Bxc4 Be7 12. O-O Nb4 13. Qb3 Qb6 14. Rfe1 Bd8
15. Ne5 Nc6 16. Nxc6 Qxb3 17. Bxb3 bxc6 18. Ba4 Bb7 19. Bxf6 Bxf6 20. Ne4 Rfd8
21. Nxf6+ gxf6 22. f3 Rd6 23. Kf2 Rad8 24. Ke3 Ba6 25. Rd2 Bc4 26. Rc1 Bd5
1/2-1/2